Femmes au Conseil fédéral Suisse - Statistiques

Statistiques générales
  • Ce quiz a été pris 4 fois
  • Le résultat moyen est 6 sur 10
Statistiques - réponses
Année de l'élection Canton Parti Réponse % Correct
2018 SG PLR.Les Libéraux-Radicaux Karin Keller-Sutter
75%
2002 GE Parti socialiste suisse Micheline Calmy-Rey
75%
1993 GE Parti socialiste suisse Ruth Dreifuss
75%
2018 VS Le Centre Viola Amherd
75%
2006 AG Parti démocrate-chrétien suisse Doris Leuthard
50%
2022 JU Parti socialiste suisse Elisabeth Baume-Schneider
50%
1984 ZH PLR.Les Libéraux-Radicaux Elisabeth Kopp
50%
2007 GR Parti Bourgeois-Démocratique Eveline Widmer-Schlumpf
50%
2010 BE Parti socialiste suisse Simonetta Sommaruga
50%
1999 AI Parti démocrate-chrétien suisse Ruth Metzler-Arnold
25%
Aucun quiz correspondant
Distribution des résultats
% des personnes avec chaque résultat
Percentile par nombre de réponses
Votre historique - résultats
Vous n’avez pas pris ce quiz